000 00925nam0a22002651 4500
001 rc\4270013
005 20260405130553.0
021 _aRU
_b[57-33261]
035 _a(NLR Aleph) 008240988
090 _a8277160
_c8277160
100 _a20130416d1957 |||y0rusy50 ca
101 0 _arus
102 _aRU
105 _ay z |||||
200 1 _aИзбранное
210 _aЛенинград
_cСов. писатель. [Ленингр. отд-ние]
_d1957
215 _a540 с.
_d21
327 1 _aСодерж.: Ход конем: Роман; Рассказы; Сказки
464 0 _12001#$aХод конем$eРоман$aРассказы$aСказки
_tСказки
700 1 _8rus
_7ca
_aБорисов
_bЛ.И.
_gЛеонид Ильич
_cписатель
_f1897-1972
_3RU\NLR\auth\7751681
_934614
801 0 _aRU
_bNLR
_gpsbo
801 1 _aRU
_bELAR
_2rusmarc
852 _aNLR
_j57-3/2589
942 _cBOOK
980 _aNB